| 000 | 00701nam a2200229 i 4500 | ||
|---|---|---|---|
| 001 | bg | ||
| 245 | 1 | 0 |
_aSocjologia gospodarki / _cJuliusz Gardawski [et al.]. |
| 260 |
_aWarszawa : _bCentrum Doradztwa i Informacji "Difin", _c2006. |
||
| 300 |
_a256 s. ; _c24 cm. |
||
| 504 | _aBibliogr. | ||
| 650 | 9 |
_aGospodarka _xsocjologia |
|
| 655 | _aPodręczniki akademickie | ||
| 700 | 1 | _aGARDAWSKI, Juliusz. | |
| 020 | _a8372516707 | ||
| 040 | _cBPK | ||
| 041 | 0 | _apol | |
| 080 | _a316.334.2(075.8) | ||
| 920 | _a83-7251-670-7 | ||
| 942 | _cKS | ||
| 008 | s pl f |000 0 pol | ||
| 999 |
_c52969 _d52969 |
||
| 856 |
_uhttp://koha.tu.koszalin.pl/cgi-bin/koha/opac-detail.pl?biblionumber=52969 _yKatalog online BPK |
||